| 000 | 00571nam a2200193 i 4500 | ||
|---|---|---|---|
| 001 | 22382 | ||
| 003 | ES-MaACL | ||
| 005 | 20230906152703.0 | ||
| 007 | t| | ||
| 008 | 021202s1981 sp ||||1| spa d | ||
| 100 | 1 |
_aAlonso-Fernández, Francisco. _920309 |
|
| 245 | 1 | 0 |
_aAlcohol-dependencia / _cFrancisco Alonso-Fernández. |
| 260 |
_aMadrid : _bPirámide, _c[1981] |
||
| 300 |
_a239 p. : _bil. ; _c21 cm. |
||
| 490 | 1 | _aPsiquiatría en la sociedad | |
| 830 | 0 |
_aPsiquiatría en la sociedad _9187343 |
|
| 852 |
_aES-MaACL _jL-1234 _bR.101849 |
||
| 999 |
_c22382 _d22382 |
||